Statistics for Michael Franti - Start Small Think Big

Click here to take the quiz!

General Stats

  • This quiz has been taken 5 times
  • The average score is 185 of 358

Answer Stats

HintAnswer% Correct
.Big
100%
.big
100%
.small
100%
.Then
100%
.a
50%
.about
50%
.Ain't
50%
.ain't
50%
.all
50%
.and
50%
.any
50%
.beach
50%
.been
50%
.before
50%
.better
50%
.boat
50%
.but
50%
.But
50%
.Can't
50%
.can't
50%
.car
50%
.cause
50%
.come
50%
.could
50%
.do
50%
.does
50%
.easy
50%
.Easy
50%
.Everbody's
50%
.Everybody
50%
.get
50%
.go
50%
.god
50%
.gonna
50%
.got
50%
.gotta
50%
.hands
50%
.have
50%
.heaven
50%
.house
50%
.hurry
50%
.I
50%
.I'm
50%
.in
50%
.It
50%
.it,
50%
.it
50%
.I've
50%
.kick
50%
.know
50%
.knows
50%
.learned
50%
.Let
50%
.live
50%
.lot
50%
.me
50%
.money
50%
.more
50%
.More
50%
.nice
50%
.no
50%
.not
50%
.of
50%
.on
50%
.other
50%
.pocket
50%
.rocket
50%
.shines
50%
.sky
50%
.slow
50%
.Slow
50%
.So
50%
.so
50%
.start
50%
.Start
50%
.sun
50%
.take
50%
.than
50%
.the
50%
.their
50%
.there
50%
.they
50%
.think
50%
.Throw
50%
.time
50%
.to
50%
.treetops
50%
.us
50%
.wants
50%
.way
50%
.we
50%
.what
50%
.When
50%
.when
50%
.where
50%
.whole
50%
.why
50%
.with
50%
.worry
50%
.yo
50%
.You
50%
.you
50%
.your
50%
.down
0%
.'em
0%
.Everybody's
0%
.If
0%
.problems
0%
.solve
0%
.they're
0%
.tomorrow
0%
.y'all
0%

Score Distribution

Percentile by Number Answered

Percent of People with Each Score

Your Score History

You have not taken this quiz